000 00310nam a22001457a 4500
008 210429b ||||| |||| 00| 0 eng d
020 _a636920000273
041 _aeng
080 _23rd
_a311
082 _a311
100 _a55
101 _aSTA
245 _aProgramming Perl
_cLarry Wall
942 _2udc
_cBK
999 _c56945
_d56945